Simulation of a CuBr laser; Laser Physics; Vol. 18, iss. 12
| Parent link: | Laser Physics: Scientific Journal Vol. 18, iss. 12.— 2008.— [P. 1522-1525] |
|---|---|
| Auteur principal: | |
| Autres auteurs: | , |
| Résumé: | Title screen A method to calculate the prepulse concentrations of the CuBr molecules in the active medium of a CuBr laser is proposed. A comparison with the available experimental data is presented Режим доступа: по договору с организацией-держателем ресурса |
| Langue: | anglais |
| Publié: |
2008
|
| Sujets: | |
| Accès en ligne: | http://link.springer.com/article/10.1134/S1054660X08120219 |
| Format: | Électronique Chapitre de livre |
| KOHA link: | https://koha.lib.tpu.ru/cgi-bin/koha/opac-detail.pl?biblionumber=636864 |
MARC
| LEADER | 00000nla0a2200000 4500 | ||
|---|---|---|---|
| 001 | 636864 | ||
| 005 | 20250408090130.0 | ||
| 035 | |a (RuTPU)RU\TPU\network\923 | ||
| 090 | |a 636864 | ||
| 100 | |a 20140404d2008 k||y0rusy50 ba | ||
| 101 | 0 | |a eng | |
| 102 | |a US | ||
| 135 | |a drnn ---uucaa | ||
| 181 | 0 | |a i | |
| 182 | 0 | |a b | |
| 200 | 1 | |a Simulation of a CuBr laser |f A. M. Boichenko, G. S. Evtushenko, S. N. Torgaev | |
| 203 | |a Text |c electronic | ||
| 300 | |a Title screen | ||
| 320 | |a [References: p. 1525 (15 tit.)] | ||
| 330 | |a A method to calculate the prepulse concentrations of the CuBr molecules in the active medium of a CuBr laser is proposed. A comparison with the available experimental data is presented | ||
| 333 | |a Режим доступа: по договору с организацией-держателем ресурса | ||
| 461 | |t Laser Physics |o Scientific Journal | ||
| 463 | |t Vol. 18, iss. 12 |v [P. 1522-1525] |d 2008 | ||
| 610 | 1 | |a электронный ресурс | |
| 610 | 1 | |a труды учёных ТПУ | |
| 700 | 1 | |a Boichenko |b A. M. | |
| 701 | 1 | |a Evtushenko |b G. S. |c Doctor of Technical Sciences, Professor of Tomsk Polytechnic University (TPU) |c Russian specialist in electrophysics |f 1947- |g Gennady Sergeevich |3 (RuTPU)RU\TPU\pers\29009 |9 13729 | |
| 701 | 1 | |a Torgaev |b S. N. |c specialist in the field of electronics |c associate Professor of Tomsk Polytechnic University, candidate of physico-mathematical Sciences |f 1984- |g Stanislav Nikolaevich |3 (RuTPU)RU\TPU\pers\31663 |9 15800 | |
| 801 | 2 | |a RU |b 63413507 |c 20180316 |g RCR | |
| 856 | 4 | |u http://link.springer.com/article/10.1134/S1054660X08120219 | |
| 942 | |c CF | ||